000
00238 a2200097 4500
001
46383
100
_a
Pick, W
245
_a
short course in elementary meteorology
260
_a
London
_b
His Majesty's Stationary
_c
090
_c
29504
_d
29504
942
_a
NUST-CAE
_c
M
_c
21674
999
_c
281456
_d
281456